Pedagogical Innovation of French Language Teaching as a Tool for Educating Managers in the Context of Internationalization
Charakteristika pedagogickej inovácie v kontexte internacionalizácie vzdelávania francúzskeho jazyka na príklade medzinárodného študijného programu vo francúzskom jazyku - Obchodný manažment na Obchodnej fakulte Ekonomickej univerzity v Bratislave a testovanie jeho atraktívnosti z hľadiska vzťahu me...
Na minha lista:
| Autor principal: | |
|---|---|
| Outros Autores: | , , , |
| Formato: | Capítulo de Livro |
| Idioma: | inglês |
| Assuntos: | |
| Tags: |
Sem tags, seja o primeiro a adicionar uma tag!
|
MARC
| LEADER | 00000nla a2200000 4500 | ||
|---|---|---|---|
| 001 | 0247983 | ||
| 005 | 20240502083703.0 | ||
| 041 | 0 | |a eng | |
| 044 | |a PL | ||
| 245 | 1 | 0 | |a Pedagogical Innovation of French Language Teaching as a Tool for Educating Managers in the Context of Internationalization |c Ján Strelinger, Pavol Kita, Jaroslav Kita, Veronika Kitová Mazalánová, Ferdinand Daňo |
| 520 | |a Charakteristika pedagogickej inovácie v kontexte internacionalizácie vzdelávania francúzskeho jazyka na príklade medzinárodného študijného programu vo francúzskom jazyku - Obchodný manažment na Obchodnej fakulte Ekonomickej univerzity v Bratislave a testovanie jeho atraktívnosti z hľadiska vzťahu medzi študentami a vzdelávaciou inštitúciou. | ||
| 610 | 2 | 0 | |a vzdelávanie |
| 610 | 2 | 0 | |a vzdelávanie vysokoškolské |
| 610 | 2 | 0 | |a programy študijné |
| 610 | 2 | 0 | |a francúzština |
| 610 | 2 | 0 | |a inovácie sociálne |
| 610 | 2 | 0 | |a vyučovanie |
| 610 | 2 | 0 | |a inovácie technologické |
| 610 | 2 | 0 | |a študenti |
| 610 | 2 | 0 | |a efektívnosť inovácií |
| 100 | 1 | |a Strelinger, Ján, 1964- | |
| 700 | 1 | |a Kita, Pavol | |
| 700 | 1 | |a Kita, Jaroslav | |
| 700 | 1 | |a Kitová Mazalánová, Veronika | |
| 700 | 1 | |a Daňo, Ferdinand, 1959- | |